Formula 1 But Champion is Banned - IN REVERSE - Statistics

General Stats
  • This quiz has been taken 30 times
    29 since last reset
  • The average score is 53 of 76
Answer Stats
Season Champion Nationality Team % Correct
2022 Charles Leclerc Monaco Ferrari
100%
2017 Daniel Ricciardo Australia Red Bull
100%
1986 Keke Rosberg Finland McLaren
100%
2018 Kimi Räikkönen Finland Ferrari
100%
2025 Lando Norris UK McLaren
100%
2021 Lewis Hamilton UK Mercedes
100%
2024 Max Verstappen Netherlands Red Bull
100%
2016 Nico Rosberg Germany Mercedes
100%
2019 Sebastian Vettel Germany Ferrari
100%
2023 Sergio Pérez Mexico Red Bull
100%
2020 Valtteri Bottas Finland Mercedes
100%
2014 Fernando Alonso Spain Ferrari
96%
2015 Felipe Massa Brazil Williams
93%
2013 Mark Webber Australia Red Bull
93%
2011 Michael Schumacher Germany Mercedes
93%
2005 Ralf Schumacher Germany Toyota
93%
2010 Robert Kubica Poland Renault
93%
1993 Alain Prost France Williams
89%
1991 Ayrton Senna Brazil McLaren
89%
2012 Jenson Button UK McLaren
89%
2004 Juan Pablo Montoya Colombia Williams
85%
1992 Nigel Mansell UK Williams
85%
1984 Niki Lauda Austria McLaren
85%
2009 Rubens Barrichello Brazil Brawn
85%
2003 David Coulthard UK McLaren
81%
2001 Mika Häkkinen Finland McLaren
81%
1979 Gilles Villeneuve Canada Ferrari
78%
2000 Jacques Villeneuve Canada BAR
78%
1957 Juan Manuel Fangio Argentina Maserati
78%
1990 Nelson Piquet Brazil Benetton
78%
1955 Stirling Moss UK Mercedes
78%
1953 Alberto Ascari Italy Ferrari
74%
1996 Damon Hill UK Williams
74%
1999 Eddie Irvine UK Ferrari
74%
1975 Emerson Fittipaldi Brazil McLaren
74%
1952 Giuseppe Farina Italy Ferrari
74%
1968 Graham Hill UK Lotus
74%
1976 James Hunt UK McLaren
74%
1961 Phil Hill USA Ferrari
74%
1994 Gerhard Berger Austria Ferrari
70%
1977 Jody Scheckter South Africa Wolf
70%
1978 Mario Andretti USA Lotus
70%
1989 Riccardo Patrese Italy Williams
70%
1962 Bruce McLaren New Zealand Cooper
67%
2006 Giancarlo Fisichella Italy Renault
67%
2007 Heikki Kovalainen Finland Renault
67%
2002 Jarno Trulli Italy Renault
67%
1958 Mike Hawthorn UK Ferrari
67%
1980 Alan Jones Australia Williams
63%
1972 Denny Hulme New Zealand McLaren
63%
1967 Jack Brabham Australia Brabham
63%
1973 Jackie Stewart UK Tyrrell
63%
1969 Jacky Ickx Belgium Brabham
63%
1970 Jochen Rindt Austria Lotus
63%
1981 Carlos Reutemann Argentina Williams
59%
1997 Heinz-Harald Frentzen Germany Williams
59%
1965 Jim Clark UK Lotus
59%
1966 John Surtees UK Cooper, Ferrari
59%
1971 Ronnie Peterson Sweden March
59%
1974 Clay Regazzoni Switzerland Ferrari
56%
1995 Johnny Herbert UK Benetton
52%
1985 Michele Alboreto Italy Ferrari
52%
2008 Nick Heidfeld Germany BMW Sauber
52%
1983 René Arnoux France Ferrari
44%
1988 Thierry Boutsen Belgium Benetton
44%
1998 Alexander Wurz Austria Benetton
41%
1954 José Froilán González Agentina Ferrari
41%
1982 John Watson UK McLaren
33%
1987 Stefan Johansson Sweden McLaren
33%
1959 Tony Brooks UK Vanwall
33%
1950 Luigi Fagioli Italy Alfa Romeo
30%
1956 Peter Collins UK Ferrari
30%
1964 Lorenzo Bandini Italy Ferrari
26%
1963 Richie Ginther USA BRM
22%
1960 Innes Ireland UK Lotus
19%
1951 Luigi Villoresi Italy Ferrari
15%
No matching quizzes found
Score Distribution
Percent of People with Each Score
Percentile by Number Answered
Your Score History
You have not taken this quiz since the last reset